Loading...
| History - American | 0 | 6 | 0 | 0 | 60 | 74 | 99.50 | 0 | 3 | 9.76 | 26.55 |
| History - Other | 0 | 6 | 0 | 4 | 60 | 108 | 127.00 | 0 | 0 | 1.58 | 9.81 |
| Philosophy | 0 | 6 | 0 | 1 | 60 | 71 | 100.33 | 0 | 1 | 8.46 | 26.14 |
| History - European | 0 | 4 | 3 | 1 | 25 | 90 | 120.25 | 0 | 0 | 2.18 | 10.38 |
| Mythology | 0 | 2 | 0 | 1 | 20 | 133 | 138.50 | 0 | 0 | 0.63 | 9.90 |
| Religion | 0 | 2 | 1 | 1 | 15 | 99 | 105.50 | 0 | 0 | 2.44 | 5.83 |
| History - World | 0 | 2 | 1 | 1 | 15 | 135 | 135.50 | 0 | 0 | 0.00 | 1.85 |
| Social Science | 0 | 1 | 0 | 0 | 10 | 95 | 95.00 | 1 | 1 | 1.77 | 5.88 |
| Literature - World | 0 | 1 | 0 | 1 | 10 | 148 | 148.00 | 0 | 0 | 0.12 | 1.02 |
| Science - Biology | 0 | 1 | 0 | 0 | 10 | 132 | 132.00 | 0 | 0 | 0.09 | 4.41 |
| Science - Other | 0 | 0 | 1 | 0 | -5 | 0.00 | 0 | 0 | 0.00 | 0.00 | |
| Literature - European | 0 | 0 | 1 | 0 | -5 | 0.00 | 0 | 0 | 0.00 | 0.00 |